| 000 | 00528nam a2200193 a 4500 | ||
|---|---|---|---|
| 003 | PILC | ||
| 005 | 20150112093442.0 | ||
| 008 | 100713s19uu xx 00 eng d | ||
| 020 | _a053463270x | ||
| 050 |
_aBF 121 _b.C775 2005 |
||
| 082 |
_aPSF 150.21 _bC78 2005 |
||
| 100 |
_aCoon, Dennis _920159 |
||
| 245 |
_aPsychology / _cDennis Coon |
||
| 250 | _a2nd ed. | ||
| 260 |
_aBelmont, CA : _bThomson Wadsworth, _c2005. |
||
| 300 |
_a583 pages : _bcolored illustration ; _c26 cm. |
||
| 650 |
_aPsychology _945 |
||
| 942 |
_2lcc _cBK |
||
| 999 |
_c14786 _d14786 |
||